| 000 | 00441cam a2200181ua 4500 | ||
|---|---|---|---|
| 020 | _c33.00 | ||
| 041 |
_aeng _h |
||
| 082 |
_a005.133 _bMOR/IN |
||
| 100 | _aMorton, Jeffrey B . | ||
| 245 |
_aIntroduction to BASIC / _cJeffrey B Morton. _hTextual Documents |
||
| 250 |
_a1 / _b. |
||
| 260 |
_aNew Delhi : _bB P B Publishers , _c2000. |
||
| 300 | _a206 ; . | ||
| 365 | _a33.00 | ||
| 504 | _a | ||
| 942 | _cBK | ||
| 999 |
_c9472 _d9472 |
||